¡Hermanos hasta en la sopa! / (Registro nro. 12079)

Detalles MARC
000 -LIDER
fixed length control field 00975nam a22003257a 4500
001 - NÚMERO DE CONTROL
Identificador de número de control 0075
003 - IDENTIFICACDOR DE NÚMERO DE CONTROL
control field DO-SdBNP
005 - DATE AND TIME OF LATEST TRANSACTION
control field 20180216133235.0
007 - CAMPOS FIJOS DE DESCRIPCIÓN FÍSICA
fixed length control field 0075
008 - ELEMENTOS DE LONGITUD FIJA
fixed length control field 151104b2004 sp | |||| 00| 0 spa d
020 ## - ISBN
International Standard Book Number 8434895195
040 ## - FUENTE DE CATALOGACIÓN
Agencia que crea de manera original el registro BPMSU
Idioma de catalogación spa
Agencia que realiza la transcripción BPMSU
082 ## - NÚMERO DE CLASIFICACIÓN DECIMAL DE DEWEY
Classification number 863.6
Item number B874h 2004
092 ## - LOCALLY ASSIGNED DEWEY DECIMAL CALL NUMBER
Número de clasificación
Número de ítem (Cutter)
100 10 - ASIENTO PRINCIPAL -- NOMBRE PERSONAL
Nombre personal Broseta, Teresa,
Fechas asociadas con el nombre 1963-
245 10 - MENCIÓN DE TITULO
Título ¡Hermanos hasta en la sopa! /
Mención de responsabilidad Teresa Broseta ; ilustraciones Gustavo Otero.
250 ## - MENCIÓN DE EDICION
Mención de edición 2a. ed.
260 ## - PUBLICACIÓN, DISTRIBUCIÓN, ETC. (PIE DE IMPRENTA)
Lugar de publicación, distribución, etc Madrid :
Nombre del editor, distribuidor, etc. S.M,
Fecha de publicación, distribución, etc 2004
300 ## - DESCRIPCIÓN FÍSICA
Extensión 141p. :
Materiales especificados il. ;
Enlace 19 cm.
440 ## - MENCIÓN DE SERIE/ENTRADA SECUNDARIA--TÍTULO
ISSN El barco de vapor. [Serie naranja] ; 158)
490 10 - MENCIÓN DE SERIES
Mención de serie El barco de vapor
-- naranja
Volume/sequential designation 158
500 ## - NOTA GENERAL
Nota general A partir de 9 años
650 ## - ENCABEZAMIENTO DE MATERIA--TEMÁTICO
Término temático o nombre geográfico como elemento de entrada NOVELA INFANTIL ESPAÑOLA
650 ## - ENCABEZAMIENTO DE MATERIA--TEMÁTICO
Término temático o nombre geográfico como elemento de entrada LITERATURA INFANTIL ESPAÑOLA
700 12 - ASIENTO SECUNDARIO -- NOMBRE PERSONAL
Nombre personal Otero, Gustavo,
Mención de responsabilidad ils.
830 #0 - ASIENTO SECUNDARIO DE SERIE--TÍTULO UNIFORME
Título uniforme El barco de vapor
Nombre de la parte o sección de una obra naranja
Número de la parte o sección de una obra 158
942 ## - ADDED ENTRY ELEMENTS (KOHA)
Source of classification or shelving scheme Dewey Decimal Classification
Koha item type Libros
945 ## - INFORMACIÓN DE PROCESAMIENTO LOCAL
Información de procesamiento local Inventariado, 2018 /LP
956 ## - LOCAL ELECTRONIC LOCATION AND ACCESS (OCLC)
Nombre de host VMATEO
Número de acceso 10
Información de compresión 20161124
Trayectoria BPMSU
Nombre Electrónico 0069
Existencias
Withdrawn status Lost status Source of classification or shelving scheme Damaged status Not for loan Collection code Home library Current library Date acquired Source of acquisition Total Checkouts Full call number Barcode Date last seen Price effective from Koha item type
    Dewey Decimal Classification     Colección Infantil General Biblioteca Pública Metropolitana Salomé Ureña Biblioteca Pública Metropolitana Salomé Ureña 11/24/2016 Fundación Educativa y Cultural (FUNDI)   863.6 B874h 2004 BPMSU16111529 11/24/2016 11/24/2016 Libros